000 00520nam a2200205Ia 4500
005 20250326144857.0
008 250326s9999 xx 000 0 und d
020 _a0-8264-5852-1
037 _aTextbook
040 _aFMSL
_beng
_cFMSL
041 _aeng
_2eng
084 _aX:8obB P2
_qFMSL
100 _aLucey T
_9279921
245 0 _aQuantitative techniques
_cLucey T
250 _a6
260 _aNY
_bNY, ELST
_c2002
300 _aviii,558
942 _cTB
_hX:8obB P2
999 _c1305426
_d1305426